[Event "East Dunbartonshire Kings 2011"]
[Site "?"]
[Date "2011.08.07"]
[Round "5"]
[White "Allor, Chukwuka"]
[Black "Hilton, Steve"]
[Result "1-0"]
[WhiteElo "2141"]
[BlackElo "1919"]
[PlyCount "57"]

1. e4 c5 2. Nf3 a6 3. d4 cxd4 4. Nxd4 e5 5. Nf3 Nf6 6. Bc4 h6 7. O-O Qc7 8. Bb3
Bc5 9. Nc3 d6 10. Nh4 Nc6 11. Nd5 Nxd5 12. Bxd5 Ne7 13. Bb3 Be6 14. Bxe6 fxe6
15. Qh5+ Kd7 16. Be3 g5 17. Ng6 Nxg6 18. Qxg6 Rae8 19. Rad1 Kc6 20. Rd3 Qh7 21.
Qxh7 Rxh7 22. Rfd1 Rd7 23. Rc3 a5 24. a3 a4 25. b4 axb3 26. cxb3 Kb5 27. Bxc5
dxc5 28. Rxd7 Kc6 29. Rd1 1-0

[Event "East Dunbartonshire Kings 2011"]
[Site "?"]
[Date "2011.08.07"]
[Round "5"]
[White "Dunlop, Anthony"]
[Black "McEwan, Peter"]
[Result "1/2-1/2"]
[WhiteElo "1793"]
[BlackElo "1488"]
[PlyCount "62"]

1. f4 d5 2. Nf3 Nc6 3. b3 Bg4 4. e3 Nf6 5. Bb2 e6 6. Be2 Bd6 7. O-O O-O 8. Na3
a5 9. Ne5 Bxe2 10. Qxe2 Qe7 11. Nxc6 bxc6 12. Nb1 e5 13. f5 Nd7 14. d3 Rfe8 15.
Nd2 Nf6 16. a4 e4 17. d4 h5 18. c4 c5 19. cxd5 Bxh2+ 20. Kxh2 Ng4+ 21. Kh3 Qg5
22. Rf4 Rad8 23. Nxe4 Rxe4 24. Rxe4 Rxd5 25. Rf1 Rxf5 26. Re8+ Kh7 27. Qd3 Nf2+
28. Rxf2 Qg4+ 29. Kh2 Qh4+ 30. Kg1 Qxf2+ 31. Kh1 Qh4+ 1/2-1/2

[Event "East Dunbartonshire Kings 2011"]
[Site "?"]
[Date "2011.08.07"]
[Round "5"]
[White "Marks, Ian"]
[Black "McBride, John"]
[Result "1-0"]
[WhiteElo "1908"]
[BlackElo "1858"]
[PlyCount "79"]

1. e4 e6 2. d4 d5 3. Nd2 dxe4 4. Nxe4 Bd7 5. Nf3 Bc6 6. Bd3 Nd7 7. O-O Ngf6 8.
Ng3 Bxf3 9. Qxf3 c6 10. b3 Be7 11. Bb2 Qc7 12. c4 O-O 13. Rfe1 Rfe8 14. Ne4 Nf8
15. d5 Nxe4 16. Bxe4 Bb4 17. Rec1 f5 18. Bd3 g6 19. dxc6 bxc6 20. c5 e5 21.
Bxf5 gxf5 22. Qxf5 Bd2 23. Rd1 Rad8 24. Rxd2 Rxd2 25. Qg5+ Ng6 26. Qxd2 Nf4 27.
Rd1 Qg7 28. g3 Qg6 29. Kf1 Nd5 30. Qd3 e4 31. Qb1 Qf5 32. Kg1 Qf3 33. Rf1 Re6
34. Qd1 Qf5 35. Qd4 Rg6 36. Qh8+ Kf7 37. Qe5 Qf3 38. Re1 Rf6 39. Bd4 Nf4 40.
Qxf6+ 1-0

[Event "East Dunbartonshire Kings 2011"]
[Site "?"]
[Date "2011.08.07"]
[Round "5"]
[White "Koehn, Lennart"]
[Black "Doyle, Jim"]
[Result "0-1"]
[WhiteElo "1602"]
[BlackElo "2049"]
[PlyCount "55"]

1. e4 c6 2. d4 d5 3. Nc3 dxe4 4. Nxe4 Nf6 5. Nxf6+ gxf6 6. Nf3 Bf5 7. Bd3 Nd7
8. Bxf5 Qa5+ 9. c3 Qxf5 10. Be3 Nb6 11. Qe2 e6 12. O-O-O O-O-O 13. Qd3 Qd5 14.
Kb1 h5 15. Rc1 Nc4 16. Rhd1 h4 17. h3 Bd6 18. Rg1 Qb5 19. Kc2 Qxb2+ 20. Kd1
Qxa2 21. Rc2 Qb3 22. Ke2 Ba3 23. Nd2 Nxd2 24. Bxd2 e5 25. Qf5+ Kb8 26. c4 exd4
27. Bf4+ Ka8 28. Bc7 0-1

[Event "East Dunbartonshire Kings 2011"]
[Site "?"]
[Date "2011.08.07"]
[Round "5"]
[White "Edwards, Jonathan"]
[Black "Kerride, Simon"]
[Result "1-0"]
[WhiteElo "1825"]
[BlackElo "1512"]
[PlyCount "115"]

1. e4 c6 2. d4 d5 3. Nc3 dxe4 4. Nxe4 Bf5 5. Ng3 Bg6 6. f4 e6 7. Nf3 Nd7 8. Bd3
Bxd3 9. Qxd3 Ngf6 10. f5 Qa5+ 11. Bd2 Qd5 12. O-O O-O-O 13. c4 Qd6 14. b4 h6
15. Qb3 Qc7 16. fxe6 fxe6 17. b5 c5 18. Kh1 Bd6 19. Be1 Rde8 20. a4 g5 21. a5
Qb8 22. Bf2 Ng4 23. Bg1 cxd4 24. Ne4 Nc5 25. Nxc5 Bxc5 26. Qd3 Ne3 27. Rfe1 Qf4
28. Nxd4 Qxd4 29. Qxe3 Qxe3 30. Bxe3 Bxe3 31. Rxe3 Rhf8 32. Kg1 Kc7 33. c5 Rf5
34. Rc1 h5 35. g3 a6 36. Rb3 Rd8 37. bxa6 bxa6 38. Rb6 Rdd5 39. Rxe6 Rxc5 40.
Rxc5+ Rxc5 41. Rxa6 g4 42. h3 gxh3 43. Kh2 Kb7 44. Rb6+ Ka7 45. Kxh3 Rxa5 46.
Rh6 Rd5 47. Kh4 Rc5 48. Rf6 Kb7 49. Rf7+ Kc8 50. Rh7 Kd8 51. Rxh5 Rc6 52. Re5
Rd6 53. g4 Rh6+ 54. Kg5 Rc6 55. Kh5 Rd6 56. g5 Rc6 57. g6 Rc1 58. g7 1-0